00406nam a2200121 a 450000500170000000800410001705000170005810000160007524500380009126000400012999900190016995200960018820140414131923.0101023s19uu xx 00 eng d aERbH83 2000 aYolen, Jane aHow do dinosaurs say good night?. aNew York :bBlue sky press,c2000. c111836d111836 001040aMUbMUcERd2010-10-23l0oER H83 2000pM2738r2014-04-14 00:00:00w2014-04-14yBK